000 00337nam a22001457a 4500
003 OSt
005 20240418163759.0
008 240418b |||||||| |||| 00| 0 eng d
040 _cMRSPTU
245 _aGurmukhi (ਗੁਰਮੁਖੀ)
250 _a1st
260 _aPunjab
_bGurmukhi Taksal
_c2022
300 _a38
942 _2ddc
_cBK
_n0
999 _c10101
_d10101